Histología básica : fundamentos de biología celular y del desarrollo humano
Este libro tiene la gran ventaja de mostrar al estudiante la relación entre la histología y embriología y las otras materias básicas, enfatizando especialmente su relación con las aplicaciones clínicas. A medida que se adquieren los conocimientos de este campo, será posible que el alumno comprenda m...
Guardado en:
| Autores Principales: | , , , , , , , , , , , , , , , , |
|---|---|
| Formato: | eBook |
| Idioma: | Spanish |
| Publicado: |
Buenos Aires :
Editorial Médica Panamericana,
2015.
|
| Materias: | |
| Acceso en línea: | Acceso al texto completo desde Médica Panamericana, dando clic aquí |
| Etiquetas: |
Agregar Etiqueta
Sin Etiquetas, Sea el primero en etiquetar este registro!
|
| LEADER | 04207cam a2200517 a 4500 | ||
|---|---|---|---|
| 001 | EUN.eunm009551 | ||
| 007 | cr#cnu---unuuu | ||
| 008 | 250805s2015####ag#a###fo#####001#0#spa#d | ||
| 005 | 20250820103711.0 | ||
| 245 | 1 | 0 | |a Histología básica : |b fundamentos de biología celular y del desarrollo humano |h [recurso electrónico] / |c Santa Ponce Bravo. |
| 260 | |a Buenos Aires : |b Editorial Médica Panamericana, |c 2015. | ||
| 300 | |a 1 recurso en línea (408 páginas) | ||
| 336 | |a tactile text |b tct |2 rdacontent | ||
| 337 | |a computer |b c |2 rdamedia | ||
| 338 | |a online resource |b cr |2 rdacarrier | ||
| 505 | 0 | |a Prólogo -- Prefacio -- Cap. 01. Histología. Generalidades / Santa Ponce Bravo -- Cap. 02. Métodos e instrumentos empleados en microscopía fotónica para el estudio de la histología / Elba Rosa Leyva Huerta -- Cap. 03. Métodos e instrumentos empleados en microscopía electrónica para realizar estudios histológicos / Santa Ponce Bravo -- Cap. 04. Biología celular / Lourdes Teresa Agredano Moreno, María de Lourdes Segura Valdez, Luis Felipe Jiménez García -- Cap. 05. Genética. Generalidades / Israel Morales Sánchez -- Cap. 06. Biología del desarrollo humano / Surisadey Albarrán Vergara, José Iván Martínez Rivera, Santa Ponce Bravo -- Cap. 07. Tejido epitelial / Carolina Vega Ramírez -- Cap. 08. Tejido glandular / Rocío Bárbara Vallejo Vega, María del Rocío Estrada Hernández, Armando Pérez Torres, Minerva Jocaved Uribe Serralde -- Cap. 09. Tejido nervioso / Israel Morales Sánchez -- Cap. 10. Tejido conjuntivo / Surisadey Albarrán Vergara -- Cap. 11. Tejido adiposo / Áurea Reyes Xicoténcatl, Abigail Vega López -- Cap. 12. Tejido muscular / Israel Morales Sánchez -- Cap. 13. Tejido cartilaginoso / Alejandro Donohue Cornejo -- Cap. 14. Tejido óseo / Santa Ponce Bravo -- Cap. 15. Tejido hematopoyético / Carolina Vega Ramírez -- Cap. 16. Tejido linfático / Constantino Ledesma Montes, Surisadey Albarrán Vergara -- Índice analítico. | |
| 520 | |a Este libro tiene la gran ventaja de mostrar al estudiante la relación entre la histología y embriología y las otras materias básicas, enfatizando especialmente su relación con las aplicaciones clínicas. A medida que se adquieren los conocimientos de este campo, será posible que el alumno comprenda mejor la respuesta biológica de los pacientes a los procedimientos clínicos. Es un texto destinado fundamentalmente a estudiantes que se inician en la materia, pero también es una obra de consulta muy adecuada para estudiantes en general y profesionistas, ayudando a despertar el interés por la estructura microscópica del organismo con la ayuda de esquemas que facilitan el proceso de interpretación y el reconocimiento microscópico de los tejidos y elementos que los integran. | ||
| 588 | |a Descripción basada en el recurso en línea | ||
| 020 | |a 9786079356767 (versión electrónica) | ||
| 020 | |a 9786079356750 (versión impresa) | ||
| 100 | 1 | 0 | |a Ponce Bravo, Santa |e author. |
| 700 | 1 | |a Leyva Huerta, Elba Rosa. |4 aut | |
| 700 | 1 | |a Agredano Moreno, Lourdes Teresa. |4 aut | |
| 700 | 1 | |a Morales Sánchez, Israel. |4 aut | |
| 700 | 1 | |a Segura-Valdez, María de Lourdes. |4 aut | |
| 700 | 1 | |a Jiménez García, Luis Felipe. |4 aut | |
| 700 | 1 | |a Albarrán Vergara, Surisadey. |4 aut | |
| 700 | 1 | |a Martínez Rivera, José Iván. |4 aut | |
| 700 | 1 | |a Vega Ramírez, Carolina. |4 aut | |
| 700 | 1 | |a Vallejo Vega, Rocío Bárbara. |4 aut | |
| 700 | 1 | |a Hernández, María del Rocío Estrada. |4 aut | |
| 700 | 1 | |a Pérez Torres, Armando. |4 aut | |
| 700 | 1 | |a Uribe Serralde, Minerva Jocaved. |4 aut | |
| 700 | 1 | |a Reyes Xicoténcatl, Áurea. |4 aut | |
| 700 | 1 | |a Vega López, Abigail. |4 aut | |
| 700 | 1 | |a Donohue Cornejo, Alejandro. |4 aut | |
| 700 | 1 | |a Ledesma Montes, Constantino. |4 aut | |
| 082 | 0 | 4 | |a 611.018 |2 21 |
| 650 | 7 | |a Medicina. |2 unbist | |
| 650 | 7 | |a Histología. |2 unbist | |
| 650 | 7 | |a Desarrollo humano. |2 unbist | |
| 650 | 7 | |a Biología celular. |2 unescot | |
| 650 | 7 | |a Odontología. |2 unescot | |
| 024 | 8 | |a histologia-basica-1 | |
| 856 | 4 | 0 | |z Acceso al texto completo desde Médica Panamericana, dando clic aquí |u https://mieureka.medicapanamericana.com/viewer/histologia-basica-1 |
